000
00258nam a22001097a 4500
008
160523b xxu||||| |||| 00| 0 eng d
020
_a
9780312452834
041
_a
eng
080
_a
003.2
245
_a
Approaching literature:
_c
Peter Schakel;
942
_2
udc
_c
BK
999
_c
2376
_d
2376